Statistics for Biggest Countries Based On Extreme Points

Click here to take the quiz!

General Stats

  • This quiz has been taken 41 times
  • The average score is 26 of 32

Answer Stats

Perimeter
(km)
Area
(km²)
Country% Correct
16,9017,972,257Russia
100%
20,99824,090,682United States
100%
11,4687,896,352Australia
98%
8,6353,316,503Argentina
95%
13,2609,857,330China
95%
29,87147,705,417France
95%
13,96012,071,082Canada
93%
13,2189,153,004Chile
93%
6,5112,443,353D. R. Congo
93%
9,3535,103,905India
93%
7,6552,272,685Mexico
93%
12,98410,116,352Brazil
90%
11,0032,281,298Indonesia
90%
6,8382,457,317Kazakhstan
90%
5,9552,160,717Algeria
88%
8,8104,452,075Japan
88%
5,3861,368,716Mongolia
83%
5,6611,783,520Saudi Arabia
80%
5,5571,115,089Colombia
78%
5,0241,201,655Peru
78%
4,7941,358,619Sudan
78%
4,9231,246,561Libya
76%
6,1721,373,017New Zealand
76%
7,1272,119,567South Africa
76%
5,5831,109,558Spain
73%
4,8541,390,144Mali
66%
4,5691,259,398Venezuela
63%
6,0761,165,013F. S. Micronesia
56%
15,990349,325Netherlands
54%
9,6181,775,610Kiribati
51%
4,8191,241,429Papua New Guinea
51%
5,0491,128,344Portugal
49%

Score Distribution

Percentile by Number Answered

Percent of People with Each Score

Your Score History

You have not taken this quiz